[Event "BRA-ch Amateur U1800"]
[Site "Sao Paulo"]
[Date "2019.06.22"]
[Round "6"]
[White "Barbosa, Luiz Francisco da S"]
[Black "Fischer Schilling, Ian"]
[Result "0-1"]
[WhiteElo "1762"]
[BlackElo "1763"]
[PlyCount "52"]
[EventDate "2019.06.20"]
[EventType "swiss"]
[EventRounds "7"]
[EventCountry "BRA"]
[SourceTitle "CBM 195 Extra"]
[Source "ChessBase"]
[SourceDate "2020.05.31"]
[SourceVersion "1"]
[SourceVersionDate "2020.05.31"]
[SourceQuality "1"]

1. d4 Nf6 2. Nf3 g6 3. c4 Bg7 4. Nc3 0-0 5. e4 d6 6. Be2 Nc6 7. d5 Nb8 8. 0-0 e5 9. Qc2 Ne8 10. b4 a5 11. bxa5 Rxa5 12. Bd2 f5 13. Bd3 Ra8 14. Rfb1 Na6 15. Ng5 Nc5 16. Ne6 Nxe6 17. dxe6 fxe4 18. Bxe4 c6 19. Be3 Nf6 20. f3 Nxe4 21. fxe4 Qe7 22. Na4 Bxe6 23. Rb6 Qf7 24. Rab1 Bxc4 25. h3 Bxa2 26. Rxb7 Bxb1 0-1